El cuento contemporáneo : Juan Vicente Melo /

Domínguez Michael ha seleccionado para esta entrega de la colección Material de Lectura, serie El Cuento Contemporáneo: Música de cámara, el cuento inicial de Los muros enemigos; Sábado: el verano de la mariposa, segunda parte del terceto narrativo Fin de semana, y un breve fragmento de La obedienci...

Celý popis

Uloženo v:
Podrobná bibliografie
Hlavní autor: Melo, Juan Vicente (autor)
Další autoři: Domínguez Michael, Christopher (selección e introducción) (selección e introducción)
Médium: Kniha
Jazyk:španělština
Vydáno: México : UNAM, Coordinación de Difusión Cultural, 1987, c1987
Edice:(Material de Lectura. El Cuento Contemporáneo ; 45)
Témata:
Tagy: Přidat tag
Žádné tagy, Buďte první, kdo vytvoří štítek k tomuto záznamu!

MARC

LEADER 00000nam^a2200000^a^4500
001 000193354
005 20250521000000.0
009 20260310102640.187
020 |a 968-36-0071-9 
025 |a Donación sin dato, 1 ejemplar 
037 |a Acervo ITESO - Biblioteca 
041 |a ESP 
082 |a 808. 8  |b MAT CUE V. 45 
100 |a Melo, Juan Vicente  |e (autor) 
240 1 4 |a [El Cuento Contemporáneo] 
245 1 3 |a El cuento contemporáneo :  |b Juan Vicente Melo /  |c J.V. Melo ; selec. e introd. de C. Domínguez Michael. 
264 4 |a México :  |b UNAM, Coordinación de Difusión Cultural,  |c 1987, c1987 
300 |a 39 p. 
336 |a texto  |b txt  |2 rdacontenido 
337 |a sin mediación  |b n  |2 rdamedio 
338 |a volumen  |b nc  |2 rdasoporte 
440 1 |a (Material de Lectura.  |p El Cuento Contemporáneo ;  |v 45) 
520 |a Domínguez Michael ha seleccionado para esta entrega de la colección Material de Lectura, serie El Cuento Contemporáneo: Música de cámara, el cuento inicial de Los muros enemigos; Sábado: el verano de la mariposa, segunda parte del terceto narrativo Fin de semana, y un breve fragmento de La obediencia nocturna, antecedidos por una introducción del propio crítico. 
545 0 |a Juan Vicente Melo Ripoll, nacido en la ciudad de Veracruz en 1932, es autor de una obra literaria desarrollada en compañía de la música y de la medicina, tres pasiones creativas y profesionales que abordó en forma seria y dedicada, con estudios formales de piano bajo la tutela de Esperanza Pulido, de Medicina en la UNAM y en el Hospital Dermatológico de San Luis Potosí y de literatura francesa contemporánea en la Universidad de La Sorbona, en París. Titulado como médico por la UNAM en 1956 con un Estudio del balance del sodio y el potasio en la cirrosis hepática, ese mismo año inició su obra literaria con la publicación del volumen de cuentos La noche alucinada. Continuó por la vía de este mismo género en Los muros enemigos (1962) y la trilogía de narraciones que integran Fin de semana (1964), que reflejaron una depuración y enriquecimiento, al unísono, cada vez mayor de sus recursos expresivos, para luego pasar al relato largo El festín de la araña (1966) y la temprana autobiografía Juan Vicente Melo (1966), práctica común a varios escritores mexicanos de su generación. También dirigió la Casa del Lago de la Universidad Nacional y colaboró con varias publicaciones culturales durante esta primera etapa de su trayectoria creativa. La obediencia nocturna (1969), primera novela del autor, supuso –a juicio del crítico Christopher Domíngez Michael- una suma de la obra del veracruzano y pareció ser el cierre de su carrera literaria, que retomó con el libro de cuentos El agua cae en otra fuente (1985) y de manera más continua en la década de 1990, cuando publicó Notas sin música (1990), compilación de críticas y textos sobre música reunidos por Alberto Paredes, y la novela La rueca de Onfalia (1996). Becario del Fondo para la Cultura y las Artes (1990-1991), homenajeado en la Feria Internacional del Libro de Guadalajara (1991) y nombrado hijo predilecto de Veracruz, falleció en su ciudad natal en 1996. 
649 |a XX 
650 |a Cuentos Mexicanos 
650 |a Novela Mexicana 
650 |a Generación del Medio Siglo (Literatura Mexicana) 
650 |a Literatura Mexicana -  |y Siglo XX 
700 |a Domínguez Michael, Christopher  |e (selección e introducción) 
910 |a Fondo General 
920 |a Impresos - Libros 
930 |a Colección General 
940 |a Literatura 
905 |a 101 
901 |a 0500138107  |b IT1  |c LIT  |i D  |u 20250521 
902 |a https://opac.biblio.iteso.mx/vufind/Record/000193354